00493nam a2200193Ia 4500003000400000005001700004008004100021020001500062040001800077041000800095082002100103100001900124245003600143250001200179260003900191300003000230650002200260650001700282OSt20241204090128.0210716s1987 xx 000 0 und d a0425110427 cAIMIT LIBRARY aeng a808.83 21bCOYH aCoyle, Harold. aTeam yankee /cBy Harold Coyle. a1st ed. aNew York :c1987.bBerkley Books ; axviii,330p. ;bPBc17 cm. aHunter and hunted aDeep attrack